000 00607nam a2200217Ia 4500
003 OSt
005 20221007072538.0
006 a|||||r|||| 00| 0
007 ta
008 221006b |||||||| |||| 00| 0 eng d
024 _a27,646
037 _cReports / Technical Reports
040 _aFLL
_cFLL
_beng
041 _2eng
_aeng
082 _aZ7191,805, L0
245 0 _aAmerican series of foreign penal codes
260 _aLondon
_bSweet & Maxwell Limited UK
_c1970
300 _aix,47p
_ccm.
942 _hZ7191,805, L0
_cREP
_2CC
999 _c1146374
_d1146374